000 00631cam a22002291 4500
001 0000003777
005 20170406115309.0
008 740605s1968 nyu 000 0 eng
010 _a 67025507
035 _9(DLC) 67025507
040 _aDLC
_cDLC
_dDLC
050 0 0 _aPR1227
_b.H6
082 0 0 _a821/.9/108
100 1 _aHollander, John,
_ecomp.
245 1 0 _aPoems of our moment.
260 _aNew York :
_bPegasus,
_c[1968]
300 _axv, 330 p. ;
_c21 cm.
500 _a"A Pegasus original.".
650 0 _aEnglish poetry
_y20th century.
650 0 _aAmerican poetry
_y20th century.
908 _a140710
999 _c3632
_d3632